Stolice wysunięte najbardziej na zachód - Statystyki

Ogólne statystyki
  • Ten quiz został rozwiązany 46 razy
  • Średni wynik to 10 z 15
Statystyki odpowiedzi
Długość geograficzna (W) stolica % Poprawnych
99°07′ Meksyk (Meksyk)
93%
77°01′ Lima (Peru)
91%
79°31′ Panama (Panama)
91%
90°30′ Gwatemala (Gwatemala)
77%
78°31′ Quito (Ekwador)
77%
89°11′ San Salvador (Salwador)
77%
77°02′ Waszyngton (Stany Zjednoczone)
73%
82°22′ Hawana (Kuba)
68%
88°46′ Belmopan (Belize)
66%
86°15′ Managua (Nikaragua)
64%
87°12′ Tegucigalpa (Honduras)
61%
84°04′ San Jose (Kostaryka)
59%
77°20′ Nassau (Bahamy)
32%
171°50′ Apia (Samoa)
30%
175°12' Nuku'alofa (Tonga)
23%
Nie znaleziono quizów pasujących do podanych kryteriów
Rozkład punktacji
Procent ludzi z każdym wynikiem
Percentyl według liczby udzielonych odpowiedzi
Twoja historia wyników
Nie rozwiązałeś tego quizu